Online
Catalog

La industria ladrillera : (Record no. 25302)

MARC details
000 -CABECERA
campo de control de longitud fija 00666nam a2200193 a 4500
001 - NÚMERO DE CONTROL
campo de control 000025810
005 - FECHA Y HORA DE LA ÚLTIMA TRANSACCIÓN
campo de control 20200930024051.0
008 - DATOS DE LONGITUD FIJA--INFORMACIÓN GENERAL
campo de control de longitud fija 100308s1979 ag a 000 d spa d
040 ## - FUENTE DE LA CATALOGACIÓN
Centro catalogador/agencia de origen DO-SdBNP
Lengua de catalogación spa
Centro/agencia transcriptor BNPHU
082 ## - NÚMERO DE LA CLASIFICACIÓN DECIMAL DEWEY
Número de clasificación 693.21
Número de documento/Ítem R452i
049 ## - FONDOS LOCALES (OCLC)
Fondos de biblioteca BNPD
100 1# - ENTRADA PRINCIPAL--NOMBRE DE PERSONA
Nombre de persona Reverté, Pedro.
9 (RLIN) 52635
245 13 - MENCIÓN DE TÍTULO
Título La industria ladrillera :
Resto del título moldeo manual y mecánico de los ladrillos, secaderos y hornos modernos. Normas para el empleo de las ladrillos de las obras /
Mención de responsabilidad, etc. Pedro Reverté.
250 ## - MENCIÓN DE EDICIÓN
Mención de edición 3a ed.
260 ## - PUBLICACIÓN, DISTRIBUCIÓN, ETC.
Lugar de publicación, distribución, etc. Buenos Aires :
Nombre del editor, distribuidor, etc. Reverté,
Fecha de publicación, distribución, etc. 1979.
300 ## - DESCRIPCIÓN FÍSICA
Extensión 338 p. :
Otras características físicas il. ;
Dimensiones 22 cm.
650 4# - PUNTO DE ACCESO ADICIONAL DE MATERIA--TÉRMINO DE MATERIA
Término de materia o nombre geográfico como elemento de entrada Ladrillos
9 (RLIN) 52636
650 #4 - PUNTO DE ACCESO ADICIONAL DE MATERIA--TÉRMINO DE MATERIA
Término de materia o nombre geográfico como elemento de entrada Industria de la arcilla
9 (RLIN) 52637
Holdings
Estado de retiro Estado de pérdida Restricciones de uso No para préstamo Código de colección Localización permanente Ubicación/localización actual Ubicación en estantería Fecha de adquisición Número de inventario Total de préstamos Signatura topográfica completa Código de barras Fecha visto por última vez Precio válido a partir de Tipo de ítem Koha
        Monografías: Libros y Folletos General General En catalogación 22.02.2011 LF1   693.21 R452i 25810-10 25.06.2020 25.06.2020 Préstamo en sala

Powered by Koha